Introduction to the theory of stability (Record no. 7736)
[ view plain ]
| 000 -LEADER | |
|---|---|
| fixed length control field | 00571 a2200193 4500 |
| 020 ## - INTERNATIONAL STANDARD BOOK NUMBER | |
| International Standard Book Number | 0387947612 |
| 035 ## - SYSTEM CONTROL NUMBER | |
| System control number | (InU)AGT6494BB |
| 035 ## - SYSTEM CONTROL NUMBER | |
| System control number | (OCoLC)ocm34513713 |
| 040 ## - CATALOGING SOURCE | |
| Original cataloging agency | DLC |
| Language of cataloging | DLC |
| 082 00 - DEWEY DECIMAL CLASSIFICATION NUMBER | |
| Classification number | 531.3 |
| 100 1# - MAIN ENTRY--PERSONAL NAME | |
| Personal name | Merkin, David Rakhmil�evich. |
| 245 10 - TITLE STATEMENT | |
| Title | Introduction to the theory of stability |
| Statement of responsibility, etc. | David R. Merkin, Fred F. Afagh and Andrei L. Smirnov. |
| 260 ## - PUBLICATION, DISTRIBUTION, ETC. | |
| Place of publication, distribution, etc. | New York : |
| Name of publisher, distributor, etc. | Springer, |
| Date of publication, distribution, etc. | c1997. |
| 300 ## - PHYSICAL DESCRIPTION | |
| Extent | xx, 319 p. ; |
| Dimensions | 25 cm. |
| 440 #0 - SERIES STATEMENT/ADDED ENTRY--TITLE | |
| Title | Texts in applied mathematics ; |
| Volume/sequential designation | 24 |
| 650 #0 - SUBJECT ADDED ENTRY--TOPICAL TERM | |
| Topical term or geographic name entry element | Stability. |
| 650 #0 - SUBJECT ADDED ENTRY--TOPICAL TERM | |
| Topical term or geographic name entry element | Motion. |
| 942 ## - ADDED ENTRY ELEMENTS (KOHA) | |
| Koha item type | Book |
| Call number prefix | 531.3 |
| Source of classification or shelving scheme | |
| Withdrawn status | Lost status | Damaged status | Not for loan | Collection code | Permanent Location | Current Location | Shelving location | Date acquired | Source of acquisition | Cost, normal purchase price | Total Checkouts | Full call number | Barcode | Date last seen | Price effective from | Koha item type |
|---|---|---|---|---|---|---|---|---|---|---|---|---|---|---|---|---|
| Central Library (CL) | Central Library (CL) | General Stacks | 11/08/2006 | Pak Book Corporation | 941.85 | 531.3 | SEECS007733 | 11/14/2012 | 01/05/2017 | Book |
